| 000 | 00637nam a2200181Ia 4500 | ||
|---|---|---|---|
| 008 | 151018s9999 xx 000 0 und d | ||
| 082 |
_bRBASDV35623 _a891.433 |
||
| 100 | _aसुर्यकांत विश्वनाथ | ||
| 245 | _aअचरज भरा आकाश | ||
| 250 | _b1 | ||
| 260 |
_bविज्ञान शिक्षा _c2002 |
||
| 300 | _a115 | ||
| 600 | _aसुर्यकांत विश्वनाथ | ||
| 630 | _aअचरज भरा आकाश | ||
| 700 | _aसुर्यकांत विश्वनाथ | ||
| 730 | _aअचरज भरा आकाश | ||
| 942 | _cBOOK | ||
| 999 |
_c1035098 _d1035095 |
||